000 00579nam a2200205Ia 4500
005 20250701164459.0
008 008 250505s9999 xx 000 0 eng d
020 _a9780974856421
037 _aTextual
040 _aEASL
_beng
_cEASL
041 _aeng
_2eng
084 _aO495,1xN47, 111Q1
_qEASL
100 _aKyunglim Lee
_9815003
245 0 _aNew Season Approaching: Devour It
260 _aUSA
_bWoodstock Hawks Publishing New York
_c2011
300 _a95pg
365 _aUK
942 _cTEXL
_hO495,1xN47, 111Q1
999 _c1433220
_d1433220